000 00572nam a2200229Ia 4500
003 OSt
005 20220918221240.0
006 a|||||r|||| 00| 0
007 ta
008 220917b |||||||| |||| 00| 0 eng d
024 _a148,953
037 _cTextual
040 _aARTS
_cARTS
_beng
041 _2eng
_aeng
082 _aT0M, H5
100 _aStruck F Theodore
_9139724
245 0 _aVocational education for a changing world
260 _c1945
650 _aEDUCATION
942 _hT0M, H5
_cTEXL
_2CC
999 _c271627
_d271627